Event manažment: organizácia a riadenie eventov s aplikáciou na medzinárodné športové podujatia-olympijské hry diplomová práca

Gespeichert in:
Bibliographische Detailangaben
1. Verfasser: Habasová, Lenka
Körperschaft: Obchodná fakulta EU. Katedra medzinárodného obchodu
Weitere Verfasser: Zorkóciová, Otília, 1954-
Format: Buch
Sprache:Slowakisch
Veröffentlicht: Bratislava 2008
Tags: Tag hinzufügen
Keine Tags, Fügen Sie das erste Tag hinzu!

MARC

LEADER 00000nam$a2200000$$$4500
001 0085763
005 20240201115105.6
041 0 |a slo 
044 |a SK 
245 1 0 |a Event manažment: organizácia a riadenie eventov s aplikáciou na medzinárodné športové podujatia-olympijské hry  |b diplomová práca  |c Lenka Habasová ; škol. Otília Zorkóciová 
264 1 |a Bratislava  |c 2008 
300 |a 116 s. 
100 1 |a Habasová, Lenka 
700 1 |a Zorkóciová, Otília, 1954- 
710 2 |a Obchodná fakulta EU. Katedra medzinárodného obchodu